000 00825cab a2200253 4500
001 ABS52187
008 090401t xxu||||| |||| 00| 0 eng d
035 _a(Sirsi) u65064
041 _aeng
100 _aCollins, M.
245 _aLocal authority searches: what must be revealed
260 _c12(5) 1993/4, 12-14(3)
350 _a0
490 _aStructural Survey
_v12(5) 1993/4, 12-14(3)
520 _aExamines the responsibilities and obligations of local authorities towards the Local Land Charges Register and how the information can best be obtained.
650 _aCONVEYANCING
650 _aLOCAL AUTHORITIES
650 _aLOCAL LAND CHARGES REGISTER
650 _aLOCAL LAND CHARGES
650 _aOFFICIAL SEARCH CERTIFICATE
690 _aPROPERTY LAW AND PRACTICE
942 _n0
948 _c04/03/1997
999 _c40552
_d40552